• 首页
  • 本馆介绍
  • 公告通知
  • 最新文献
  • 馆藏检索
  • 电子资源
  • 读者导购
  • 参考咨询
  • 我的图书馆
  • 登录
  • 详细信息显示
  • 放入我的书架
  • 预约/预借图书
  • 作者相关作品
  • 分类相关作品
  • 丛书相关作品
  • 出版社相关作品

书目信息

  • 表格格式
  • 工作单格式
  • 卡片格式
题名:
女人一定要有钱
    
 
作者: 托拉比 著 ;吕美 译
分册:  
出版信息: 北京   机械工业出版社  2009
页数: 17,156页
开本: 24cm
丛书名:
单 册:
中图分类: TS976.15-49
科图分类:
主题词: 女性--财务管理--通俗读物 , 女性 , 财务管理
电子资源:
ISBN: 978-7-111-27047-8
000 01037nam0 2200289 45
001 1050711297
005 20100420100703.85
010    @a978-7-111-27047-8@dCNY28.00
100    @a20100408d2009 ekmy0chiy0120 ea
101 1  @achi@ceng
102    @aCN@b110000
105    @ay z 000yy
106    @ar
200 1  @a女人一定要有钱@ANu^ Ren Yi Ding Yao You Qian@dYou are so money@f(美)法诺什·托拉比(Farnoosh Torabi)著@F( Mei ) Fa Nuo Shi· Tuo La Bi (Farnoosh Torabi) Zhu@g吕美译@zeng
210    @a北京@c机械工业出版社@d2009
215    @a17,156页@d24cm
300    @a财智人生
330    @a本书共分十二章,主要内容包括生活真美好、甩掉债务、管理你的银行账户和信用记录、富人的品位、注意你的配饰、少儿不宜、拥有自己的房子等。
510 1  @aYou are so money@zeng
606 0  @a女性@x财务管理@j通俗读物
606 0  @a女性
606 0  @a财务管理
690    @aTS976.15-49@v4
701  1 @a托拉比@ATuo La Bi@g(Torabi, F.)@4著
702  0 @a吕美@ALu^ Mei@4译
801  0 @aCN@bTANGWEI@c20100420
905    @b0589757-61@dTS976.15-49@e289@f5
    
    女人一定要有钱=You are so money/(美)法诺什·托拉比(Farnoosh Torabi)著/吕美译.-北京:机械工业出版社,2009
    17,156页;24cm
    财智人生
    
    ISBN 978-7-111-27047-8:CNY28.00
    本书共分十二章,主要内容包括生活真美好、甩掉债务、管理你的银行账户和信用记录、富人的品位、注意你的配饰、少儿不宜、拥有自己的房子等。
●
相关链接 在E读中查询图书 在五车中查询图书 在当当中查询图书 在豆瓣中查询图书


正题名:女人一定要有钱     索取号:TS976.15-49/289         预约/预借

序号 登录号 条形码 馆藏地/架位号 状态 备注
1 0589757   205897573   第二样本阅览室/ [索取号:TS976.15-49/289] 在馆    
2 0589758   205897582   第三借阅区/ [索取号:TS976.15-49/289] 在馆    
3 0589759   205897591   第三借阅区/ [索取号:TS976.15-49/289] 在馆    
4 0589760   205897608   第三借阅区/ [索取号:TS976.15-49/289] 在馆    
5 0589761   205897617   第三借阅区/ [索取号:TS976.15-49/289] 在馆    
唐山师范学院图书馆 欢迎您!
大连网信软件有限公司© 版权所有